Oldest Cities in Lithuania - Statistics

General Stats
  • This quiz has been taken 13 times
  • The average score is 10 of 15
Answer Stats
Year city rights granted: Answer % Correct
1387 Vilnius
100%
1408 Kaunas
90%
1257 Klaipėda
90%
1589 Šiauliai
90%
1581 Alytus
70%
1409 Trakai
70%
1599 Utena
70%
1589 Biržai
60%
1590 Kėdainiai
60%
1609 Kretinga
60%
1486 Ukmergė
50%
1492–1506 Raseiniai
40%
1572 Skuodas
40%
1516 Anykščiai
30%
1518-1529 Birštonas
30%
No matching quizzes found
Score Distribution
Percent of People with Each Score
Percentile by Number Answered
Your Score History
You have not taken this quiz